[Event "CZE-chTB U20 1314"]
[Site "Czechia"]
[Date "2014.04.27"]
[Round "11.2"]
[White "Wagner, Vojtech"]
[Black "Havelka, Josef"]
[Result "0-1"]
[WhiteElo "1887"]
[BlackElo "1994"]
[PlyCount "127"]
[EventDate "2013.10.12"]
[EventType "team-tourn"]
[EventRounds "11"]
[EventCountry "CZE"]
[SourceTitle "OM OTB B 201907"]
[Source "Opening Master"]
[SourceDate "2019.07.06"]
[SourceVersion "2"]
[SourceVersionDate "2019.07.06"]
[SourceQuality "1"]

1. e4 c5 2. Nf3 d6 3. d4 cxd4 4. Nxd4 Nf6 5. Nc3 Nc6 6. Be2 e5 7. Nb3 Be7 8.
O-O Be6 9. Bg5 h6 10. Bxf6 Bxf6 11. Bg4 O-O 12. Bxe6 fxe6 13. Qg4 Qe7 14. Rad1
a6 15. Ne2 b5 16. c3 a5 17. Na1 a4 18. Nc2 Na5 19. Ne3 Bg5 20. Rd3 Nc4 21. Nd1
a3 22. b3 Nb2 23. Rf3 Rxf3 24. Qxf3 Rf8 25. Qg4 d5 26. g3 Bd2 27. Kg2 Qf7 28.
Ng1 d4 29. cxd4 exd4 30. Qe2 Bc3 31. Nxc3 dxc3 32. Qxb5 Qc7 33. Rc1 Rd8 34. Nf3
Rd3 35. Qe5 Qf7 36. Ng1 Nd1 37. Qc5 Rd2 38. Nh3 c2 39. b4 Qf6 40. Rxc2 Ne3+ 41.
Qxe3 Rxc2 42. Qxa3 Rc3 43. Qa8+ Kh7 44. Ng1 Rc2 45. Nh3 Qb2 46. a4 Qxb4 47. a5
Ra2 48. Qc6 Rxa5 49. Qxe6 Qd4 50. Nf4 Re5 51. Qg6+ Kg8 52. f3 Qd2+ 53. Kh3 Rg5
54. Qe8+ Kh7 55. Ne6 Ra5 56. Nf8+ Kg8 57. Ng6+ Kh7 58. Ne7 Qa2 59. Qg6+ Kh8 60.
Nf5 Ra7 61. e5 Qc4 62. e6 Qf1+ 63. Kg4 Qe2 64. Nd6 0-1

[Event "Novokuznetsk Spring op"]
[Site "Novokuznetsk"]
[Date "2014.04.27"]
[Round "9"]
[White "Shamne, Anton"]
[Black "Sukiasyan, Artem"]
[Result "1-0"]
[WhiteElo "2177"]
[BlackElo "2007"]
[PlyCount "99"]
[EventDate "2014.03.29"]
[EventType "swiss"]
[EventRounds "9"]
[EventCountry "RUS"]
[SourceTitle "OM OTB B 201907"]
[Source "Opening Master"]
[SourceDate "2019.07.06"]
[SourceVersion "2"]
[SourceVersionDate "2019.07.06"]
[SourceQuality "1"]

1. e4 c5 2. Nf3 Nc6 3. d4 cxd4 4. Nxd4 Nf6 5. Nc3 d6 6. Be2 e5 7. Nb3 Be7 8.
Be3 O-O 9. g4 a5 10. a4 Nb4 11. g5 Ne8 12. h4 Be6 13. Nd5 Nxd5 14. exd5 Bf5 15.
Bd3 Qd7 16. Qe2 Nc7 17. c4 Na6 18. Bd2 Nb4 19. Bxf5 Qxf5 20. Bxb4 axb4 21. Nd2
f6 22. gxf6 Rxf6 23. Ne4 Rh6 24. a5 Bg5 25. b3 Bf4 26. Kf1 g5 27. Kg2 Kf7 28.
Ng3 Qd7 29. Qe4 b6 30. Nf5 Rf6 31. Ne3 Kg8 32. Qf3 Raf8 33. Qg4 Qc7 34. Rhf1
Qc5 35. Nc2 Bd2 36. f3 Bf4 37. Rae1 Rf5 38. Re4 Bd2 39. Rf2 Bf4 40. Ne1 h6 41.
Nd3 Qxa5 42. Nxf4 exf4 43. Re6 Qc5 44. Rg6+ Kh7 45. Re2 Qd4 46. Re7+ R8f7 47.
Qxf5 Qd2+ 48. Kh3 Rxe7 49. Rxh6+ Kg8 50. Qg6+ 1-0

[Event "Berlin-ch"]
[Site "Berlin"]
[Date "2014.04.24"]
[Round "6"]
[White "Noetzel, Felix"]
[Black "Kachibadze, Georg"]
[Result "1/2-1/2"]
[WhiteElo "2106"]
[BlackElo "2332"]
[PlyCount "38"]
[EventDate "2014.04.19"]
[EventType "swiss"]
[EventRounds "9"]
[EventCountry "GER"]
[SourceTitle "OM OTB B 201907"]
[Source "Opening Master"]
[SourceDate "2019.07.06"]
[SourceVersion "2"]
[SourceVersionDate "2019.07.06"]
[SourceQuality "1"]

1. e4 c5 2. Nf3 Nc6 3. d4 cxd4 4. Nxd4 Nf6 5. Nc3 d6 6. Be2 e5 7. Nb3 Be7 8.
O-O O-O 9. Be3 a5 10. Nd2 d5 11. exd5 Nxd5 12. Nxd5 Qxd5 13. Nc4 Qxd1 14. Rfxd1
Be6 15. c3 f5 16. f3 Kf7 17. Nd6+ Bxd6 18. Rxd6 Rfd8 19. Rad1 a4 1/2-1/2

[Event "Hofheim Spring op 2nd"]
[Site "Hofheim"]
[Date "2014.04.23"]
[Round "3"]
[White "Humburg, Philipp"]
[Black "Yankelevich, Lev"]
[Result "0-1"]
[WhiteElo "2088"]
[BlackElo "2310"]
[PlyCount "58"]
[EventDate "2014.04.22"]
[EventType "swiss"]
[EventRounds "9"]
[EventCountry "GER"]
[SourceTitle "OM OTB B 201907"]
[Source "Opening Master"]
[SourceDate "2019.07.06"]
[SourceVersion "2"]
[SourceVersionDate "2019.07.06"]
[SourceQuality "1"]

1. e4 c5 2. Nf3 d6 3. d4 cxd4 4. Nxd4 Nf6 5. Nc3 Nc6 6. Be2 e5 7. Nf3 Be7 8.
O-O O-O 9. Re1 Be6 10. Bf1 Nb8 11. a4 h6 12. h3 Nbd7 13. b3 a6 14. Bb2 Qc7 15.
a5 Rac8 16. Nh2 Rfd8 17. g3 Nf8 18. Bg2 N8h7 19. h4 Qc5 20. Nf1 Ng4 21. Ne3
Nxe3 22. Rxe3 Nf6 23. Ba3 Qxa5 24. Na4 b5 25. Nc3 b4 26. Bb2 Qc5 27. Na4 Qxc2
28. Bf1 Ng4 29. Qf3 Nxe3 0-1

[Event "Berlin-ch"]
[Site "Berlin"]
[Date "2014.04.22"]
[Round "4"]
[White "Sawlin, Leonid"]
[Black "Kalinitschew, Sergey"]
[Result "0-1"]
[WhiteElo "1952"]
[BlackElo "2445"]
[PlyCount "60"]
[EventDate "2014.04.19"]
[EventType "swiss"]
[EventRounds "9"]
[EventCountry "GER"]
[SourceTitle "OM OTB B 201907"]
[Source "Opening Master"]
[SourceDate "2019.07.06"]
[SourceVersion "2"]
[SourceVersionDate "2019.07.06"]
[SourceQuality "1"]

1. e4 c5 2. Nf3 Nc6 3. d4 cxd4 4. Nxd4 Nf6 5. Nc3 d6 6. Be2 e5 7. Nb3 Be7 8.
Bg5 O-O 9. Qd2 h6 10. Bxf6 Bxf6 11. Rd1 Be7 12. Nb5 a5 13. Nxd6 a4 14. Nc1 a3
15. bxa3 Bg5 16. Qc3 Nd4 17. Nc4 Qc7 18. Qd3 Be6 19. Ne3 Bxe3 20. fxe3 Rxa3 21.
Nb3 Nxe2 22. Qxe2 Rxa2 23. Na1 Rfa8 24. Kf2 Qc3 25. Qe1 Qc4 26. Kf3 R8a4 27.
Qh4 Kh7 28. Rc1 g5 29. Qg3 Qxe4+ 30. Kf2 Rxa1 0-1

[Event "SRB-ch U18"]
[Site "Subotica"]
[Date "2014.04.21"]
[Round "7"]
[White "Adamov, Ivan"]
[Black "Dimic, Pavle"]
[Result "0-1"]
[WhiteElo "1924"]
[BlackElo "2293"]
[PlyCount "62"]
[EventDate "2014.04.17"]
[EventType "swiss"]
[EventRounds "9"]
[EventCountry "SRB"]
[SourceTitle "OM OTB B 201907"]
[Source "Opening Master"]
[SourceDate "2019.07.06"]
[SourceVersion "2"]
[SourceVersionDate "2019.07.06"]
[SourceQuality "1"]

1. e4 c5 2. Nf3 d6 3. d4 cxd4 4. Nxd4 Nf6 5. Nc3 Nc6 6. Be2 e5 7. Nb3 Be7 8.
O-O O-O 9. Bg5 a5 10. Bxf6 Bxf6 11. a4 Be6 12. Nd5 Bg5 13. c3 Rc8 14. Qd3 Ne7
15. Nxe7+ Qxe7 16. Qb5 b6 17. Rfd1 Qc7 18. Nd2 Rfd8 19. Nf3 Bf4 20. Ne1 Qb7 21.
b4 Qc7 22. Ra3 g6 23. Nc2 f5 24. f3 Bg5 25. Rb1 Bd2 26. bxa5 bxa5 27. Qa6 Bxc3
28. Rb7 Qc5+ 29. Kh1 Bb4 30. Nxb4 Qc1+ 31. Bf1 Bc4 0-1

[Event "Novokuznetsk Spring op"]
[Site "Novokuznetsk"]
[Date "2014.04.20"]
[Round "7"]
[White "Vorobyova, Alyona"]
[Black "Fayzullin, Ruslan"]
[Result "0-1"]
[WhiteElo "1991"]
[BlackElo "1950"]
[PlyCount "82"]
[EventDate "2014.03.29"]
[EventType "swiss"]
[EventRounds "9"]
[EventCountry "RUS"]
[SourceTitle "OM OTB B 201907"]
[Source "Opening Master"]
[SourceDate "2019.07.06"]
[SourceVersion "2"]
[SourceVersionDate "2019.07.06"]
[SourceQuality "1"]

1. e4 c5 2. Nf3 Nc6 3. d4 cxd4 4. Nxd4 Nf6 5. Nc3 d6 6. Be2 e5 7. Ndb5 a6 8.
Na3 b5 9. Nd5 Nxe4 10. Bf3 f5 11. Be3 Rb8 12. O-O Be7 13. Bxe4 fxe4 14. f3 O-O
15. fxe4 Rxf1+ 16. Qxf1 Bg5 17. Nc4 Be6 18. Bxg5 Qxg5 19. Nce3 Ne7 20. Qd3 Ng6
21. Rf1 Rd8 22. Nc7 Bc8 23. Ncd5 Nf8 24. Qc3 Ne6 25. Rf5 Qh4 26. g3 Qxe4 27.
Ne7+ Kh8 28. Nxc8 Nd4 29. Kf2 Nxf5 30. Nb6 Qxe3+ 31. Qxe3 Nxe3 32. Kxe3 d5 33.
a4 Kg8 34. b3 Kf7 35. c4 bxc4 36. bxc4 dxc4 37. Nxc4 Ke6 38. a5 Rd1 39. g4 Ra1
40. h4 Ra4 41. Kd3 e4+ 0-1

[Event "Japfa m (Women)"]
[Site "Jakarta"]
[Date "2014.04.20"]
[Round "1"]
[White "Medina, Warda Aulia"]
[Black "Gara, Ticia"]
[Result "1-0"]
[WhiteElo "2332"]
[BlackElo "2340"]
[PlyCount "77"]
[EventDate "2014.04.20"]
[EventType "match"]
[EventRounds "6"]
[EventCountry "INA"]
[SourceTitle "OM OTB B 201907"]
[Source "Opening Master"]
[SourceDate "2019.07.06"]
[SourceVersion "2"]
[SourceVersionDate "2019.07.06"]
[SourceQuality "1"]

1. e4 c5 2. Nf3 d6 3. d4 cxd4 4. Nxd4 Nf6 5. Nc3 Nc6 6. Be2 e5 7. Nf3 h6 8. O-O
Be7 9. Re1 O-O 10. h3 Be6 11. Bf1 Nb8 12. b3 Nbd7 13. Bb2 a6 14. a4 Rc8 15. Nd2
Nc5 16. Qf3 Nh7 17. Nc4 f5 18. exf5 Rxf5 19. Qd1 Qf8 20. b4 Nd7 21. Nd5 Bh4 22.
Nxd6 Bxf2+ 23. Kh1 Bxe1 24. Nxf5 Bxf5 25. Qxe1 Rxc2 26. Bxe5 Bxh3 27. Bg3 Bf5
28. Ne7+ Kh8 29. Rd1 Qf7 30. Nxf5 Qxf5 31. Bd3 Qh5+ 32. Kg1 Rc8 33. Bxh7 Nf6
34. Bd3 Re8 35. Qf1 Re3 36. Bf4 Ng4 37. Be2 Re8 38. Qf3 Rf8 39. Rd4 1-0

[Event "FICS rated standard game"]
[Site "FICS freechess.org"]
[Date "2014.04.20"]
[Round "?"]
[White "bugchess"]
[Black "parrot"]
[Result "1-0"]
[WhiteElo "2512"]
[BlackElo "2387"]
[PlyCount "102"]
[EventDate "2014.??.??"]

1. e4 c5 2. Nc3 Nc6 3. Nf3 d6 4. d4 cxd4 5. Nxd4 Nf6 6. Be2 e5 7. Nf3 Be7 8.
Bg5 O-O 9. O-O Be6 10. Bxf6 Bxf6 11. Nd5 Bg5 12. Nxg5 Qxg5 13. Ne3 Qg6 14. c3
Rad8 15. Bf3 Qf6 16. Qa4 Rd7 17. Rad1 Rb8 18. Be2 a6 19. Rd2 Qg6 20. Rfd1 Rbd8
21. Bxa6 Ra8 22. Rxd6 Bb3 23. Qxb3 Rxd6 24. Rxd6 Qxd6 25. Bxb7 Rb8 26. Qb6 Qe7
27. Qxc6 Qxb7 28. Qxb7 Rxb7 29. b3 f6 30. Nd5 Kf7 31. c4 Ke6 32. Kf1 f5 33.
exf5+ Kxf5 34. Nc3 Rb6 35. Ke2 Rg6 36. g3 Rb6 37. Nb5 Rh6 38. a4 Rxh2 39. a5
Rh6 40. b4 Rf6 41. Nc7 Rc6 42. b5 Rxc7 43. b6 Rxc4 44. a6 Rc2+ 45. Kf3 e4+ 46.
Ke3 h5 47. a7 Ra2 48. b7 Ra3+ 49. Kd4 Ra4+ 50. Kc5 Rxa7 51. b8=Q Ra5+ 1-0

[Event "Novokuznetsk Spring op"]
[Site "Novokuznetsk"]
[Date "2014.04.19"]
[Round "6"]
[White "Shamne, Anton"]
[Black "Vorobyova, Alyona"]
[Result "1/2-1/2"]
[WhiteElo "2177"]
[BlackElo "1991"]
[PlyCount "103"]
[EventDate "2014.03.29"]
[EventType "swiss"]
[EventRounds "9"]
[EventCountry "RUS"]
[SourceTitle "OM OTB B 201907"]
[Source "Opening Master"]
[SourceDate "2019.07.06"]
[SourceVersion "2"]
[SourceVersionDate "2019.07.06"]
[SourceQuality "1"]

1. e4 c5 2. Nf3 Nc6 3. d4 cxd4 4. Nxd4 Nf6 5. Nc3 d6 6. Be2 e5 7. Nb3 Be6 8.
Be3 Be7 9. O-O O-O 10. f4 a5 11. f5 Bd7 12. Nd2 Nb4 13. a3 Na6 14. Nc4 Bc6 15.
Nb6 Rb8 16. Nbd5 b5 17. b4 Bxd5 18. exd5 axb4 19. Nxb5 Qd7 20. Na7 Nc5 21. Nc6
Ra8 22. Nxb4 Nfe4 23. Nc6 Bf6 24. c4 Nc3 25. Qc2 Nxe2+ 26. Qxe2 Na4 27. Qc2 Ra6
28. Rab1 Qc7 29. Rb4 Rfa8 30. Rfb1 Nc5 31. a4 h6 32. Rb8+ Rxb8 33. Rxb8+ Kh7
34. Bxc5 dxc5 35. Rb5 Rxc6 36. dxc6 Qxc6 37. Qd3 e4 38. Qd5 Bd4+ 39. Kf1 Qc7
40. g3 Qa7 41. a5 Qe7 42. Rb7 Qg5 43. Qxe4 Qc1+ 44. Kg2 Qg1+ 45. Kh3 Qf1+ 46.
Qg2 Qxf5+ 47. g4 Qd3+ 48. Qg3 Qf1+ 49. Qg2 Qd3+ 50. Qg3 Qf1+ 51. Qg2 Qd3+ 52.
Qg3 1/2-1/2

[Event "Saarland-ch MA 89th"]
[Site "Stennweiler"]
[Date "2014.04.15"]
[Round "5"]
[White "Faas, Dominik"]
[Black "Gress, Alexander"]
[Result "0-1"]
[WhiteElo "2035"]
[BlackElo "2054"]
[PlyCount "29"]
[EventDate "2014.04.11"]
[EventType "swiss"]
[EventRounds "9"]
[EventCountry "GER"]
[SourceTitle "OM OTB B 201907"]
[Source "Opening Master"]
[SourceDate "2019.07.06"]
[SourceVersion "2"]
[SourceVersionDate "2019.07.06"]
[SourceQuality "1"]

1. e4 c5 2. Nf3 d6 3. d4 cxd4 4. Nxd4 Nf6 5. Nc3 Nc6 6. Be2 e5 7. Nb3 Be7 8.
O-O O-O 9. Be3 Be6 10. Bf3 a5 11. Nd5 a4 12. Nd2 a3 13. Bb6 Qc8 14. b3 Bxd5 15.
exd5 0-1

[Event "FICS rated standard game"]
[Site "FICS freechess.org"]
[Date "2014.04.14"]
[Round "?"]
[White "GnuCheese"]
[Black "DeepSjeng"]
[Result "0-1"]
[WhiteElo "2511"]
[BlackElo "2781"]
[PlyCount "120"]
[EventDate "2014.??.??"]

1. e4 c5 2. Nf3 d6 3. d4 cxd4 4. Nxd4 Nf6 5. Nc3 Nc6 6. Be2 e5 7. Nf3 h6 8. O-O
Be7 9. Re1 O-O 10. h3 Be6 11. Bf1 Qa5 12. a3 Rfc8 13. Rb1 Nb8 14. Bd3 Qd8 15.
Nh4 Nc6 16. Be3 d5 17. exd5 Nxd5 18. Nf5 Nxe3 19. Nxe3 Bg5 20. Qf3 g6 21. Ng4
Bf4 22. Ne2 Bg5 23. Qg3 Bh4 24. Qf3 h5 25. Ne3 Qf6 26. Qxf6 Bxf6 27. Rbd1 Rd8
28. Bc4 Bxc4 29. Nxc4 Kg7 30. Ng3 Rxd1 31. Rxd1 Rd8 32. Rxd8 Bxd8 33. Ne4 b6
34. Kf1 f5 35. Ned2 Kf6 36. a4 Nb4 37. Nf3 Bc7 38. c3 Nd3 39. Ke2 Nc5 40. Ne3
Bd8 41. a5 bxa5 42. Nc4 Bc7 43. Ne3 Bb6 44. Nc4 e4 45. Ne1 Ke6 46. f3 a4 47.
fxe4 fxe4 48. Nd2 Kd5 49. g3 Nb3 50. Nf1 Na5 51. Ng2 Nc4 52. Nd2 Nxb2 53. Nf4+
Kc6 54. Nxe4 a3 55. Nd2 Kb5 56. Nb3 g5 57. Nxh5 Kc4 58. Nc1 Kxc3 59. h4 gxh4
60. Nf4 Kc2 0-1

[Event "SVR-ch MTA 37th"]
[Site "Heimbach Weis"]
[Date "2014.04.13"]
[Round "5"]
[White "Klein, Maximilian"]
[Black "Roos, Thomas"]
[Result "0-1"]
[WhiteElo "2028"]
[BlackElo "2199"]
[PlyCount "76"]
[EventDate "2014.04.11"]
[EventType "tourn"]
[EventRounds "9"]
[EventCountry "GER"]
[SourceTitle "OM OTB B 201907"]
[Source "Opening Master"]
[SourceDate "2019.07.06"]
[SourceVersion "2"]
[SourceVersionDate "2019.07.06"]
[SourceQuality "1"]

1. e4 c5 2. Nf3 d6 3. d4 cxd4 4. Nxd4 Nf6 5. Nc3 Nc6 6. Be2 e5 7. Nb3 Be7 8.
O-O O-O 9. f4 a5 10. a4 Nb4 11. Kh1 Be6 12. f5 Bd7 13. Bg5 Bc6 14. Bf3 Ne8 15.
Be3 Bg5 16. Bxg5 Qxg5 17. Qe2 g6 18. g4 Nf6 19. Rad1 Rfd8 20. Rd2 d5 21. exd5
Nfxd5 22. Nxd5 Nxd5 23. Bxd5 Bxd5+ 24. Kg1 Bxb3 25. Rxd8+ Rxd8 26. cxb3 Rd2 27.
Qxe5 Qxg4+ 28. Qg3 Qxg3+ 29. hxg3 Rd3 30. f6 Rxg3+ 31. Kh2 Rxb3 32. Rd1 Rxb2+
33. Kg3 h6 34. Rd8+ Kh7 35. Rd7 g5 36. Rxf7+ Kg6 37. Rf8 Rb3+ 38. Kf2 Rb6 0-1

[Event "Dubai op 16th"]
[Site "Dubai"]
[Date "2014.04.12"]
[Round "6"]
[White "Prince, Bajaj"]
[Black "Siva, Mahadevan"]
[Result "0-1"]
[WhiteElo "2319"]
[BlackElo "2105"]
[PlyCount "80"]
[EventDate "2014.04.07"]
[EventType "swiss"]
[EventRounds "9"]
[EventCountry "UAE"]
[SourceTitle "OM OTB B 201907"]
[Source "Opening Master"]
[SourceDate "2019.07.06"]
[SourceVersion "2"]
[SourceVersionDate "2019.07.06"]
[SourceQuality "1"]

1. e4 c5 2. Nf3 d6 3. d4 cxd4 4. Nxd4 Nf6 5. Nc3 Nc6 6. Be2 e5 7. Nf3 h6 8. O-O
Be7 9. Re1 O-O 10. h3 Be6 11. Bf1 a6 12. Nd5 Bxd5 13. exd5 Nb8 14. c4 Nbd7 15.
Bd3 Rc8 16. b3 Qc7 17. Bb2 Rfe8 18. Nh2 Bf8 19. Ng4 g6 20. Qd2 Nxg4 21. hxg4
Bg7 22. Rac1 Qd8 23. g3 Nf6 24. g5 hxg5 25. Qxg5 Nh7 26. Qxd8 Rcxd8 27. Bf1 Ng5
28. Bg2 e4 29. Bxg7 Kxg7 30. c5 dxc5 31. Rxc5 f5 32. Rc7+ Kf6 33. Rxb7 Rxd5 34.
Rb6+ Re6 35. Rxe6+ Nxe6 36. Bf1 Rd2 37. Rc1 Nd4 38. a4 e3 39. Bxa6 Nf3+ 40. Kh1
Rxf2 0-1

[Event "SVR-ch MTA 37th"]
[Site "Heimbach Weis"]
[Date "2014.04.11"]
[Round "1"]
[White "Schnur, Edmund"]
[Black "Roos, Thomas"]
[Result "0-1"]
[WhiteElo "2195"]
[BlackElo "2199"]
[PlyCount "50"]
[EventDate "2014.04.11"]
[EventType "tourn"]
[EventRounds "9"]
[EventCountry "GER"]
[SourceTitle "OM OTB B 201907"]
[Source "Opening Master"]
[SourceDate "2019.07.06"]
[SourceVersion "2"]
[SourceVersionDate "2019.07.06"]
[SourceQuality "1"]

1. e4 c5 2. Nf3 d6 3. d4 cxd4 4. Nxd4 Nf6 5. Nc3 Nc6 6. Be2 e5 7. Nb3 Be7 8.
O-O O-O 9. f4 a5 10. a4 Nb4 11. Be3 Be6 12. fxe5 dxe5 13. Nc5 Qb6 14. Rxf6 gxf6
15. Bh6 Qxc5+ 16. Kh1 Kh8 17. Bxf8 Rxf8 18. Qd2 Qd4 19. Qh6 Nxc2 20. Rf1 Qe3
21. Rxf6 Qxh6 22. Rxh6 Bg5 23. Rh5 f6 24. h4 Bc1 25. Nd5 Ne3 0-1

[Event "Antioquia op"]
[Site "Medellin"]
[Date "2014.04.05"]
[Round "3"]
[White "Rios Parra, Juan Fernando"]
[Black "Panesso Rivera, Henry"]
[Result "0-1"]
[WhiteElo "2096"]
[BlackElo "2368"]
[PlyCount "52"]
[EventDate "2014.04.03"]
[EventType "swiss"]
[EventRounds "7"]
[EventCountry "COL"]
[SourceTitle "OM OTB B 201907"]
[Source "Opening Master"]
[SourceDate "2019.07.06"]
[SourceVersion "2"]
[SourceVersionDate "2019.07.06"]
[SourceQuality "1"]

1. e4 c5 2. Nf3 Nc6 3. d4 cxd4 4. Nxd4 Nf6 5. Nc3 d6 6. Be2 e5 7. Nb3 Be7 8.
O-O O-O 9. Be3 a5 10. f4 a4 11. Nc1 exf4 12. Rxf4 Nd7 13. Rf2 a3 14. b3 Bf6 15.
Rxf6 Qxf6 16. Qd2 Nc5 17. Rb1 Re8 18. Bd3 Bg4 19. b4 Nxd3 20. cxd3 Qg6 21. Nd5
Rac8 22. Nb3 Be6 23. Nf4 Qf6 24. b5 Nb8 25. Ne2 d5 26. Rf1 Qb2 0-1

[Event "MetroWest CC 2014 Championships"]
[Site "Natick MA, USA"]
[Date "2014.04.01"]
[Round "1.2"]
[White "Abdi, Farzad"]
[Black "Brattain, Mika"]
[Result "1-0"]
[WhiteElo "2265"]
[BlackElo "2412"]
[PlyCount "83"]
[EventDate "2014.??.??"]
[EventCountry "USA"]
[SourceTitle "OM OTB B 201907"]
[Source "Opening Master"]
[SourceDate "2019.07.06"]
[SourceVersion "2"]
[SourceVersionDate "2019.07.06"]
[SourceQuality "1"]

1. e4 c5 2. Nf3 Nc6 3. d4 cxd4 4. Nxd4 Nf6 5. Nc3 d6 6. Be2 e5 7. Nb3 Be7 8.
O-O O-O 9. Be3 Be6 10. Bf3 a5 11. a4 Rc8 12. Re1 Nb4 13. Re2 b6 14. Rd2 h6 15.
Nc1 Rc4 16. N1e2 Qb8 17. b3 Rc6 18. Nb5 Rfc8 19. c3 Na6 20. Rb1 Ne8 21. Ng3
Nac7 22. c4 Nxb5 23. axb5 R6c7 24. Ra1 Nf6 25. h3 Kh7 26. Be2 Re8 27. f4 exf4
28. Bxf4 Rc5 29. Bf3 Kh8 30. Bxd6 Bxd6 31. Rxd6 Rg5 32. e5 Rxe5 33. Bc6 Rc8 34.
Qd3 Rg5 35. Ne4 Nxe4 36. Bxe4 g6 37. Rd1 Kh7 38. h4 Rg4 39. h5 Qc7 40. hxg6+
Kg7 41. Qd4+ Kf8 42. Rxe6 1-0

[Event "Urals-ch 72nd"]
[Site "Tyumen"]
[Date "2014.03.25"]
[Round "6"]
[White "Alimbaev, Ramil"]
[Black "Postnikov, Daniil"]
[Result "0-1"]
[WhiteElo "2011"]
[BlackElo "2274"]
[PlyCount "46"]
[EventDate "2014.03.20"]
[EventType "swiss"]
[EventRounds "9"]
[EventCountry "RUS"]
[SourceTitle "OM OTB B 201907"]
[Source "Opening Master"]
[SourceDate "2019.07.06"]
[SourceVersion "2"]
[SourceVersionDate "2019.07.06"]
[SourceQuality "1"]

1. e4 c5 2. Nf3 Nc6 3. d4 cxd4 4. Nxd4 Nf6 5. Nc3 d6 6. Be2 e5 7. Nf3 Be7 8.
O-O O-O 9. h3 h6 10. Be3 a6 11. a4 Be6 12. Qd2 Qa5 13. Nh2 Rfd8 14. f4 d5 15.
exd5 Bc5 16. Ng4 Nxd5 17. Bxc5 Qxc5+ 18. Kh2 Nxf4 19. Qe1 f5 20. Rxf4 exf4 21.
Bxa6 Nd4 22. Nb5 Rxa6 23. Nxd4 Qxd4 0-1

[Event "HUN-chT2 Asztalos 1314"]
[Site "Hungary"]
[Date "2014.03.23"]
[Round "7"]
[White "Garai, Tamas"]
[Black "Galambos, Tivadar"]
[Result "1-0"]
[WhiteElo "1928"]
[BlackElo "1922"]
[PlyCount "132"]
[EventDate "2013.09.08"]
[EventType "team-tourn"]
[EventRounds "9"]
[EventCountry "HUN"]
[SourceTitle "OM OTB B 201907"]
[Source "Opening Master"]
[SourceDate "2019.07.06"]
[SourceVersion "2"]
[SourceVersionDate "2019.07.06"]
[SourceQuality "1"]

1. e4 c5 2. Nf3 Nc6 3. d4 cxd4 4. Nxd4 Nf6 5. Nc3 d6 6. Be2 e5 7. Nb3 Be7 8.
Be3 O-O 9. O-O Be6 10. Bf3 Ne8 11. Nd5 f5 12. exf5 Bxf5 13. Nd2 Bg5 14. Ne4
Bxe3 15. fxe3 Bxe4 16. Bxe4 Nf6 17. Nxf6+ Rxf6 18. Qd3 h6 19. Rxf6 Qxf6 20. Rf1
Qg5 21. Rf3 Qh4 22. h3 Kh8 23. c3 Rd8 24. Qd5 Ne7 25. Qxb7 d5 26. Bc2 Kg8 27.
Qc7 Rf8 28. Bh7+ Kxh7 29. Rxf8 Qg5 30. Rf3 e4 31. Rg3 Qf6 32. Rg4 Ng6 33. Qxa7
h5 34. Rxg6 Qxg6 35. Qd4 Qg3 36. Qd2 g5 37. Qf2 Qe5 38. a4 Kg6 39. a5 Qc7 40.
a6 Qc4 41. Qf1 Qc5 42. Kf2 h4 43. Qe2 Qa5 44. b4 Qa1 45. Qd2 Qxa6 46. Qxd5 Qf6+
47. Ke2 Qxc3 48. Qxe4+ Kh6 49. Qb1 Qc4+ 50. Kf2 Qf7+ 51. Ke1 Qe6 52. Qd3 Qc6
53. Kf2 Qf6+ 54. Ke2 Qb2+ 55. Qd2 Qb1 56. Qd6+ Kg7 57. Qd4+ Kf7 58. Qd5+ Kf6
59. b5 Qc2+ 60. Kf3 Qb1 61. Kg4 Qe1 62. Qxg5+ Kf7 63. Qh5+ Kg8 64. Qg5+ Kf7 65.
Qf4+ Kg8 66. b6 Qd1+ 1-0

[Event "HUN-chT 1314"]
[Site "Hungary"]
[Date "2014.03.23"]
[Round "7"]
[White "Kiss, Attila"]
[Black "Szabo, Bence"]
[Result "1/2-1/2"]
[WhiteElo "2366"]
[BlackElo "2392"]
[PlyCount "20"]
[EventDate "2013.09.08"]
[EventType "team-tourn"]
[EventRounds "9"]
[EventCountry "HUN"]
[SourceTitle "OM OTB B 201907"]
[Source "Opening Master"]
[SourceDate "2019.07.06"]
[SourceVersion "2"]
[SourceVersionDate "2019.07.06"]
[SourceQuality "1"]

1. e4 c5 2. Nf3 d6 3. d4 cxd4 4. Nxd4 Nf6 5. Nc3 Nc6 6. Be2 e5 7. Nf3 h6 8. O-O
Be6 9. Re1 Be7 10. h3 O-O 1/2-1/2

[Event "ACT-ch"]
[Site "Canberra"]
[Date "2014.03.23"]
[Round "4"]
[White "Butler, Brian"]
[Black "Bliznyuk, Andrey"]
[Result "1/2-1/2"]
[WhiteElo "1831"]
[BlackElo "2159"]
[PlyCount "92"]
[EventDate "2014.03.21"]
[EventType "swiss"]
[EventRounds "9"]
[EventCountry "AUS"]
[SourceTitle "OM OTB B 201907"]
[Source "Opening Master"]
[SourceDate "2019.07.06"]
[SourceVersion "2"]
[SourceVersionDate "2019.07.06"]
[SourceQuality "1"]

1. e4 c5 2. Nf3 d6 3. d4 cxd4 4. Nxd4 Nf6 5. Nc3 Nc6 6. Be2 e5 7. Nb3 Be7 8.
O-O O-O 9. Bg5 Nxe4 10. Nxe4 Bxg5 11. Nxd6 Qe7 12. Nxc8 Raxc8 13. c3 Rfd8 14.
Qb1 g6 15. Rd1 b6 16. Rxd8+ Rxd8 17. Qc2 Rd6 18. Rd1 Qd7 19. Rxd6 Qxd6 20. Qd3
Qxd3 21. Bxd3 Kf8 22. Kf1 Ke7 23. Ke2 f5 24. f3 h6 25. Nd2 Bf6 26. Nc4 Ke6 27.
Bc2 Be7 28. Ne3 Bd8 29. Bb3+ Kf6 30. Kd3 Ke7 31. Bd5 Kd6 32. b4 b5 33. Bf7 e4+
34. Ke2 exf3+ 35. gxf3 f4 36. Ng4 h5 37. Nf2 Ne5 38. Ne4+ Ke7 39. Bb3 Bb6 40.
a4 a6 41. axb5 axb5 42. Bd5 Be3 43. Bb3 Bb6 44. Bd5 Be3 45. Bb3 Bb6 46. Bd5 Be3
1/2-1/2

[Event "FICS rated standard game"]
[Site "FICS freechess.org"]
[Date "2014.03.20"]
[Round "?"]
[White "Attractor"]
[Black "edl"]
[Result "1-0"]
[WhiteElo "2022"]
[BlackElo "2050"]
[PlyCount "67"]
[EventDate "2014.??.??"]

1. e4 c5 2. Nf3 Nc6 3. d4 cxd4 4. Nxd4 Nf6 5. Nc3 d6 6. Be2 e5 7. Nxc6 bxc6 8.
O-O Be7 9. Qd3 O-O 10. Qg3 Kh8 11. Kh1 Rb8 12. b3 Qc7 13. f4 exf4 14. Bxf4 Nd7
15. Rad1 Ne5 16. Bxe5 dxe5 17. Bc4 Bf6 18. Na4 Qe7 19. Qc3 Bg4 20. Rde1 Rbd8
21. Be2 Bd7 22. Nc5 Bc8 23. Ba6 Bg5 24. Rd1 Bg4 25. Rxd8 Rxd8 26. Nd3 Be2 27.
Rf2 Bxd3 28. cxd3 Rd6 29. g3 Be3 30. Rf3 Bd4 31. Qb4 c5 32. Qb8+ Rd8 33. Rxf7
Qg5 34. Rf8+ 1-0